| 000 | 00453nam a2200193Ia 4500 | ||
|---|---|---|---|
| 005 | 20240823034032.0 | ||
| 008 | 240823s9999||||xx |||||||||||||| ||und|| | ||
| 020 | _a978-81-264-2849-6 | ||
| 041 | _aMALAYALAM | ||
| 082 | _A894.8123 Q0 | ||
| 100 | _aChimamanda Nagozi Adichie | ||
| 245 | 0 | _aChorachempparathy | |
| 250 | _a1st | ||
| 260 |
_c2010 _b"D C Books,Kot" |
||
| 500 | _aYES | ||
| 650 |
_aFiction _bGeneral |
||
| 942 | _cBK | ||
| 999 |
_c197259 _d197259 |
||